000 00626nam a2200217 a 4500
001 000030183
003 DO-SdBNP
005 20230214081247.0
007 ta
008 110503s2008 dr ac 000 0 spa d
040 _aDO-SdBNP
_bspa
_cBNPHU
082 _axxxx
_bM533
_222
110 2 _aLa Fundación Nacional de Desarrollo Integral
_956894
245 1 0 _aMemorias 2005-08 /
_cpresidente ; Félix Bautista.
260 _aSanto Domingo :
_bFUNDI,
_c[2008].
300 _a309 p. :
_bil. retrs. ;
_c28 cm.
590 _aInventariado, 2023 / DG
700 1 2 _aBautista, Félix
_epres.
_943925
910 _aDG
942 _2ddc
_cLBS1
999 _c29675
_d29675